| 000 | 00486nab a2200181 4500 | ||
|---|---|---|---|
| 999 |
_c371115 _d371115 |
||
| 001 | 866 | ||
| 003 | OSt | ||
| 005 | 20211112133733.0 | ||
| 007 | tu | ||
| 008 | |||||||||||| | ||
| 040 |
_aDE-2950 _cDE-2950 |
||
| 245 | 0 | 0 |
_aDie Oder als Grenze / _cKarl-Konrad Tschäpe |
| 260 | _c2021 | ||
| 525 | _aEnthaltene Fotografien: zahlreiche Fotografien | ||
| 653 |
_aFrankfurt (Oder) _aOder <Fluss> |
||
| 773 | 0 |
_g01.01.2021-31.12.2021, S. 175-176 _tFrankfurter Jahrbuch 2021 |
|
| 942 |
_2z _cA |
||